000 01427cam a2200133 4500500
005 20260405013616.0
041 _afre
042 _adc
100 1 0 _aCotte, Olivier
_eauthor
245 0 0 _aCréer des personnages de films et de séries : Du protagoniste à l'adjuvant : méthodes, conseils et techniques d'écriture du scénariste
260 _bArmand Colin,
_c2022.
520 _aCet ouvrage explique comment créer de bons personnages, c’est à-dire des personnages forts, qui fascineront le spectateur et l’inviteront à partager l’histoire de manière intérieure. Illustré de nombreux exemples issus du cinéma, de la télévision ou de la littérature, il présentera différentes approches et techniques permettant d’atteindre cet objectif : utiliser des méthodes analytiques, se référer à des modèles existants, utiliser des archétypes, bien concevoir leurs interactions, les regrouper en familles, aller à contre-sens de la culture commune, ajouter des détails qui sonnent vrais, travailler leur complexité, hiérarchiser leur importance, être en mesure de les résumer en un mot unique, développer notre sens de l’observation dans la vie de tous les jours pour y trouver notre inspiration, les doter de forces et de fragilités ou de faiblesses, etc.
856 4 1 _uhttps://shs.cairn.info/creer-des-personnages-de-films-et-de-series--9782200631468?lang=fr&redirect-ssocas=7080
999 _c2106665
_d2106665